00718nam a22001937a 4500999001900000005001700019010001300036020002600049035001300075037001800088082001600106100002300122245006400145260004500209270005900254300003700313942003000350952014400380 c158342d15834220181025152301.0 aB-710709 a9780195473544c595.00 aB-701709 bPulisheradpl a954.9105092 aKhan, Gohar Ayub,  aGlimpses into the corridors of power /cby Gohar Ayub Khan  aNew DelhibOxford University Pressc2007 aAmeena Saiyi, Oxford University Press bKarachie74900 aviii, 354p. :c24cm (Hb)bphotos 2ddccENh954.9105092mKHA 001040708NFICaAVbAVd2018-10-27eGift/16-10-2018g595.00l0o954.9105092 KHApB-710709r2018-10-27 00:00:00t1v595.00w2018-10-27yEN